<?xml version="1.0" encoding="UTF-8"?>
<record
    xmlns:xsi="http://www.w3.org/2001/XMLSchema-instance"
    xsi:schemaLocation="http://www.loc.gov/MARC21/slim http://www.loc.gov/standards/marcxml/schema/MARC21slim.xsd"
    xmlns="http://www.loc.gov/MARC21/slim">

  <leader>00361nam a22001337a 4500</leader>
  <datafield tag="020" ind1=" " ind2=" ">
    <subfield code="a">9789332559554</subfield>
  </datafield>
  <datafield tag="040" ind1=" " ind2=" ">
    <subfield code="c">NUST</subfield>
  </datafield>
  <datafield tag="082" ind1=" " ind2=" ">
    <subfield code="a">629.89</subfield>
    <subfield code="b">AUS</subfield>
  </datafield>
  <datafield tag="100" ind1=" " ind2=" ">
    <subfield code="a">Auslander, D. M. &amp;  Kempf, C. J.</subfield>
    <subfield code="9">84731</subfield>
  </datafield>
  <datafield tag="245" ind1=" " ind2=" ">
    <subfield code="a">Mechatronics :</subfield>
    <subfield code="b">Mechanical system interfacing /</subfield>
  </datafield>
  <datafield tag="260" ind1=" " ind2=" ">
    <subfield code="a">New Delhi. :</subfield>
    <subfield code="b">Pearson,</subfield>
    <subfield code="c">2016.</subfield>
  </datafield>
  <datafield tag="300" ind1=" " ind2=" ">
    <subfield code="a">ix, 242p. :</subfield>
    <subfield code="c">23cm.</subfield>
  </datafield>
  <datafield tag="942" ind1=" " ind2=" ">
    <subfield code="2">ddc</subfield>
    <subfield code="c">BK</subfield>
  </datafield>
  <datafield tag="999" ind1=" " ind2=" ">
    <subfield code="c">540501</subfield>
    <subfield code="d">540501</subfield>
  </datafield>
  <datafield tag="952" ind1=" " ind2=" ">
    <subfield code="0">0</subfield>
    <subfield code="1">0</subfield>
    <subfield code="2">ddc</subfield>
    <subfield code="4">0</subfield>
    <subfield code="7">0</subfield>
    <subfield code="a">SMME</subfield>
    <subfield code="b">SMME</subfield>
    <subfield code="c">GEN</subfield>
    <subfield code="d">2020-10-27</subfield>
    <subfield code="o">629.89 AUS</subfield>
    <subfield code="p">SMME-3554</subfield>
    <subfield code="r">2020-10-27</subfield>
    <subfield code="w">2020-10-27</subfield>
    <subfield code="y">BK</subfield>
  </datafield>
</record>
